Na pódiu vystúpi 500 účinkujúcich aj z Grécka, Lotyšska a Bulharska v amfiteátri v Rozhanovciach si cez víkend budete môcť vychutnať už 38. ročník tradičného festivalu Abovské folklórne slávnosti

Podrobná bibliografia
Hlavný autor: Kiraľvargová, Dáša (Autor)
Médium: Článok
Jazyk:slovenčina
Fyzický popis:Obr.
ISSN:1336-5320
Predmet:

MARC

LEADER 00000nab a2200000 a 4500
001 vtls008772293
003 SK-MaSNL
005 20260303115856.0
008 060612 2006 xo r r 000 0 slo
038 |a KEVKJB 
040 |a KEVKJB  |b slo  |c KEVKJB  |e AACR2 
041 0 |a slo 
044 |a xo  |c SK 
080 |a 793.31:061.7  |2 2001 
080 |a 394.2  |2 2001 
080 |a 061.7  |2 2001 
080 |a 398  |2 2001 
100 1 |a Kiraľvargová, Dáša  |4 aut  |9 872583 
245 1 0 |a Na pódiu vystúpi 500 účinkujúcich aj z Grécka, Lotyšska a Bulharska  |b v amfiteátri v Rozhanovciach si cez víkend budete môcť vychutnať už 38. ročník tradičného festivalu Abovské folklórne slávnosti  |c Dáša Kiraľvargová 
300 |b Obr. 
611 2 7 |a Abovské folklórne slávnosti  |n (38. :  |d 2006 :  |c Rozhanovce, Slovensko)   |2 kevkjb  |9 87524 
650 0 7 |a folklórne slávnosti  |2 kevkjb  |9 74761 
650 0 7 |a medzinárodné festivaly  |2 kevkjb  |9 301604 
651 7 |a Rozhanovce (Slovensko)  |2 kevkjb  |9 29620 
651 7 |a Košice-okolie (Slovensko : okres)  |2 kevkjb  |9 146743 
773 0 |t Košický večer  |g Roč. 17(38), č. 23 (9.6.2006), s. 4  |x 1336-5320 
852 |a KEVKJB  |b KIS3GCP 
999 |c 1906496  |d 1908426